Egy kerékpáros őrvezető viszontagságai

Bibliographic Details
Main Author: Cséplő, Ferenc, 1920- (Author)
Format: Article
Language:Hungarian
Slovak
ISSN:1336-5088
Subjects:

MARC

LEADER 00000nab a2200000 ar4500
001 vtls008418448
003 SK-MaSNL
005 20260303070045.0
008 051213c2005 xo |||||||| |000 b|hun
015 |a SNBRB2005/12  |2 snkbucl 
038 |a SNKBUCL 
040 |a DSZK  |b slo  |c DSZK  |e AACR2 
041 0 |a slo 
044 |a xo  |c SK 
080 |a 821.511.141 (437.6)-94=511.141  |2 UDC-MRF-SK2 
100 1 |a Cséplő, Ferenc,  |d 1920-  |4 aut  |9 536140 
245 1 0 |a Egy kerékpáros őrvezető viszontagságai  |c Cséplő Ferenc 
650 0 7 |a spomienky vojnové, maďarské  |2 snkbucl  |9 1066992 
773 0 |t Irodalmi szemle  |g Évf. XLVIII, sz. 11 (2005), o. 80-94  |x 1336-5088 
852 |a SNK  |b KIS3GCP 
852 |a DSZK  |b KIS3GCP 
958 |a HU 
958 |a SK 
958 |a LX 
999 |c 1753731  |d 1755661